Stores + shops EHI-Magazin für Ladenbau, Einrichtung und POP-Marketing
Gespeichert in:
| Format: | Schriftenreihe |
|---|---|
| Sprache: | Deutsch |
| Veröffentlicht: |
Köln
EHI-EuroHandelsinstitut
2006
|
| Schlagworte: | |
| Tags: |
Keine Tags, Fügen Sie das erste Tag hinzu!
|
MARC
| LEADER | 00000nas2a2200000 4500 | ||
|---|---|---|---|
| 001 | 0109751 | ||
| 005 | 20100202102208.0 | ||
| 022 | |a 1430-4082 | ||
| 041 | 0 | |a ger | |
| 044 | |a DE | ||
| 245 | 1 | 0 | |a Stores + shops |b EHI-Magazin für Ladenbau, Einrichtung und POP-Marketing |
| 264 | 1 | |a Köln |b EHI-EuroHandelsinstitut |c 2006 | |
| 773 | 0 | |w eu_un_cat*s123413 | |
| 610 | 2 | 0 | |a obchod medzinárodný |
| 610 | 2 | 0 | |a tovar |
| 610 | 2 | 0 | |a merchandising |